Lussuria : seduzione e tradimento /

Nella Shanghai degli anni quaranta, occupata dai giapponesi, una studentessa arruolatasi in un gruppo di ragazzi universitari mette in atto un assassinio ai danni di un direttore del servizio segreto del governo fantoccio giapponese. Fingendosi una sofisticata signora diventerà l'amante del traditor...

Descripció completa

Guardat en:
Dades bibliogràfiques
Autor principal: Desplat, Alexandre (Compositor)
Altres autors: Wang, Hui Ling (Scenarist), Chen, Joan (Actor), Lee, Ang (Director), Prieto, Rodrigo (Fotògraf), Leehom, Wang (Actor), Tang, Wei (Actor), Leung, Tony (Actor), Schamus, James (Scenarist)
Format: Diapositiva
Idioma:italià
xinès
Publicat: [Roma] : Rai Cinema : 01 Distribution, ©2008
Col·lecció:Il favoloso mondo di BIM
Etiquetes: Afegir etiqueta
Sense etiquetes, Sigues el primer a etiquetar aquest registre!

MARC

LEADER 00000ngm a22000007i 4500
001 IT\ICCU\UBO\3475071
003 ItRI
005 20260124182808.0
008 080826s2008 it |||||||||||||||k|||||c
024 3 1 |a 8032807022796 
028 4 2 |a 02217  |b noleggio 
028 4 2 |a 02279 
028 4 2 |a 04749 
040 |b ita 
041 7 |a ita  |a chi  |2 ISO-639-2 
082 |a 791.43  |9 CINEMA  |2 19 
130 0 |a Se, jie <film ; 2007>  |3 IT\ICCU\RAV\1693354 
245 0 0 |a Lussuria :  |b seduzione e tradimento /  |c un film di Ang Lee ; tratto dal libro Lussuria di Zhang Ailing ; sceneggiatura di Wang Hui Ling, James Schamus ; musiche Alexandre Desplat ; fotografia Rodriego Prieto. 
260 |a [Roma] :  |b Rai Cinema :  |b 01 Distribution,  |c ©2008 
300 |a 1 DVD-video (ca. 151 min.) :  |b color., sonoro ;  |c in contenitore, 19x14x2 cm 
500 |a Caratteristiche tecniche: codice area 2; PAL; 1.85:1, 16:9; Dolby Digital 5.1, 2.0 
500 |a Lingue: italiano, cinese; sottotitoli: italiano 
500 |a Titolo del contenitore 
500 |a Interpreti: Tony Leung, Joan Chen, Tang Wei, Wang Leehom 
500 |a Produzione cinematografica: USA/Cina/Taiwan/Hong Kong, 2007 
500 |a DVD 9 
500 |a Contenuti speciali 
500 |a Vietato ai minori di 14 anni. 
520 |a Nella Shanghai degli anni quaranta, occupata dai giapponesi, una studentessa arruolatasi in un gruppo di ragazzi universitari mette in atto un assassinio ai danni di un direttore del servizio segreto del governo fantoccio giapponese. Fingendosi una sofisticata signora diventerà l'amante del traditore, ma spingendosi sempre più oltre in questa relazione finirà per amarlo. [Da Wikipedia. Cons. del 02.12.2025] 
700 1 |a Wang, Hui Ling  |0 IT\ICCU\MODV\320203  |4 sce 
700 1 |a Chen, Joan  |0 IT\ICCU\RAVV\089730  |4 act 
700 1 |a Lee, Ang  |0 IT\ICCU\RAVV\264016  |4 drt 
700 1 |a Prieto, Rodrigo  |0 IT\ICCU\RAVV\316887  |4 pht 
700 1 |a Leehom, Wang  |0 IT\ICCU\RAVV\581192  |4 act 
700 1 |a Tang, Wei  |0 IT\ICCU\RMSV\629528  |4 act 
700 1 |a Leung, Tony  |0 IT\ICCU\UBOV\491103  |4 act 
700 1 |a Schamus, James  |0 IT\ICCU\UBOV\493400  |4 sce 
700 1 |a Desplat, Alexandre  |0 IT\ICCU\UBOV\493465  |4 cmp 
700 1 |a Zhang, Ailing  |0 IT\ICCU\UBOV\630096  |4 ant 
790 1 |a Li, An  |3 IT\ICCU\RMSV\115208  |z Lee, Ang 
790 1 |a Ang, Lee  |3 IT\ICCU\SBNV\013965  |z Lee, Ang 
790 1 |a Leung, Tony Chiu Wai  |3 IT\ICCU\MODV\663009  |z Leung, Tony 
790 1 |a Chang, Eileen  |3 IT\ICCU\TO0V\621712  |z Zhang, Ailing 
790 1 |a Chang, Ai-ling  |3 IT\ICCU\TO0V\621725  |z Zhang, Ailing 
830 3 |a Il favoloso mondo di BIM  |0 IT\ICCU\LO1\1476133 
942 |2 ddc  |c VM  |n 0 
952 |0 0  |1 0  |4 0  |6 VO_1622_000000000000000  |7 0  |9 26386  |a BO  |b BO  |d 2026-01-24  |i 12197  |l 0  |o VO 1622  |p BO12197  |r 2026-01-24 18:28:08  |w 2026-01-24  |x [Sebina 5] [1 dvd]  |y VM  |z 1 dvd 
999 |c 22303  |d 22303